000 00647nam a22002537a 4500
003 UA-OsUOA
001 27338
007 ta
008 20040624b un ||||| |||| 00| 0 ukr d
100 _aГабричевский А.Г.
090 _a72(091)
_bГ12
942 _cBK
040 _aUA-OsUOA
_brus
_cUA-OsUOA
_dUA-OsUOA
245 _aТеория и история архитектуры
_bИзбранные сочинения
300 _a302 с.
955 _a0
041 _arus
080 _a72(091)
020 _a5-8238-0151-3
260 _aКиев
_bСамватас
_c1993
044 _aRU
650 7 _2UDC
999 _c313682
_d313682